| 000 | 00742cam a22002413a 4500 | ||
|---|---|---|---|
| 001 | 31417 | ||
| 003 | PGUSA | ||
| 005 | 20140828083659.0 | ||
| 008 | 100227s2010||||xxu|||||s|||||000 | eng d | ||
| 040 |
_aPGUSA _beng |
||
| 042 | _adc | ||
| 050 | 4 | _aBF | |
| 100 | 1 | _aBennett, Edward T. | |
| 245 | 1 | 0 |
_aPsychic Phenomena : _bA Brief Account of the Physical Manifestations Observed in Psychical Research _h[electronic resource] / _cEdward T. Bennett |
| 260 |
_bProject Gutenberg, _c2010 |
||
| 506 | _aPublic domain in the USA. | ||
| 516 | _aElectronic text | ||
| 653 | _aParapsychology | ||
| 700 | 1 |
_aLodge, Oliver, _cSir, _d1851-1940 |
|
| 830 | 0 |
_aProject Gutenberg _v31417 |
|
| 856 | 4 | 0 | _uhttp://www.gutenberg.org/ebooks/31417 |
| 942 | _cEB | ||
| 999 |
_c260672 _d260672 |
||